000 00741cam a2200241 a 4500
001 12189403
003 ARRUPE
005 20131127171410.0
008 000501s1999 iv 000 j fre d
010 _a 00420413
020 _a2863943340
035 _a(OCoLC)ocm43956572
040 _aNYP
_cNYP
_dUIU
_dDLC
042 _alccopycat
050 0 0 _aPR9371.9G6
_bG3 1999
100 1 _aNiantié Lou, G.
_q(Goley)
_94324
245 1 0 _aGagné-gagné, perdu-perdu :
_bnouvelles /
_cLou Goley Niantié.
260 _a[Abidjan?] :
_bCEDA,
_cc1999.
300 _a261 p. ;
_c19 cm.
906 _a7
_bcbc
_ccopycat
_d4
_encip
_f20
_gy-gencatlg
942 _2lcc
_cMONOGRAPH
999 _c118825
_d118825